Effectif Espagne - Euro 2012 - Statistiques

Statistiques générales
  • Ce quiz a été pris 225 fois
    216 depuis la dernière actualisation
  • Le résultat moyen est 17 sur 24
Statistiques - réponses
POSTE CLUB NUMERO JOUEUR % Correct
G Real Madrid 1 Iker Casillas
98%
DEF Real Madrid 15 Sergio Ramos
98%
MIL FC Barcelone 6 Andrés Iniesta
97%
MIL FC Barcelone 8 Xavi
97%
DEF FC Barcelone 3 Gerard Piqué
95%
ATT Chelsea 9 Fernando Torres
93%
G FC Barcelone 12 Victor Valdés
93%
MIL Manchester City 21 David Silva
91%
MIL FC Barcelone 16 Sergio Busquets
88%
ATT FC Barcelone 7 Pedro
85%
MIL FC Barcelone 10 Cesc Fàbregas
79%
MIL Real Madrid 14 Xabi Alonso
78%
G Liverpool 23 Pepe Reina
76%
MIL Chelsea 13 Juan Mata
64%
DEF Real Madrid 17 Álvaro Arbeloa
60%
DEF FC Séville 22 Jesús Navas
60%
DEF Valence CF 18 Jordi Alba
60%
DEF Real Madrid 2 Raúl Albiol
45%
COACH - - Vicente del Bosque
43%
DEF Atletico Madrid 5 Juanfran
39%
ATT Athletic Bilbao 19 Fernando Llorente
37%
MIL Málaga CF 20 Santi Cazorla
32%
MIL Athletic Bilbao 4 Javi Martínez
30%
ATT FC Séville 11 Álvaro Negredo
23%
Aucun quiz correspondant
Distribution des résultats
% des personnes avec chaque résultat
Percentile par nombre de réponses
Votre historique - résultats
Vous n’avez pas pris ce quiz depuis la dernière actualisation